Yoko alborota la escuela / (Registro nro. 8639)

Detalles MARC
000 -LIDER
fixed length control field 00911nam a22002777a 4500
003 - IDENTIFICACDOR DE NÚMERO DE CONTROL
control field DO-SdBPM
005 - DATE AND TIME OF LATEST TRANSACTION
control field 20250205103448.0
008 - ELEMENTOS DE LONGITUD FIJA
fixed length control field 151111b 2001 sp a | |||| 00| 0 spa d
020 ## - ISBN
International Standard Book Number 8421641611
040 ## - FUENTE DE CATALOGACIÓN
Agencia que crea de manera original el registro DO-SdBPM
Idioma de catalogación spa
Agencia que realiza la transcripción BPMSU
082 #4 - NÚMERO DE CLASIFICACIÓN DECIMAL DE DEWEY
Classification number 833.91
Item number K71y 2001
Edition number 22
100 1# - ASIENTO PRINCIPAL -- NOMBRE PERSONAL
Nombre personal Knister,
Fechas asociadas con el nombre 1952-
Forma completa del nombre Ludger Jochmann
240 10 - TITULO UNIFORME
Título uniforme Yoko mischt die schule auf
245 10 - MENCIÓN DE TITULO
Título Yoko alborota la escuela /
Mención de responsabilidad Knister ; ilustraciones Susanne Mais ; traducción Amalia Bermejo.
260 ## - PUBLICACIÓN, DISTRIBUCIÓN, ETC. (PIE DE IMPRENTA)
Lugar de publicación, distribución, etc Madrid :
Nombre del editor, distribuidor, etc. Bruño,
Fecha de publicación, distribución, etc 2001.
300 ## - DESCRIPCIÓN FÍSICA
Extensión 182 p. :
Otros detalles físicos il. ;
Dimensiones 21 cm.
490 0# - MENCIÓN DE SERIES
Mención de serie Yoko,
Volume/sequential designation 2
534 ## - NOTA SOBRE LA VERSIÓN ORIGINAL
Asiento principal del original Yoko mischt die Schule auf.
590 ## - NOTA LOCAL
Texto de la nota local Inventariado, 2025/VM
650 #4 - ENCABEZAMIENTO DE MATERIA--TEMÁTICO
Término temático o nombre geográfico como elemento de entrada Cuentos juveniles alemanes
650 #4 - ENCABEZAMIENTO DE MATERIA--TEMÁTICO
Término temático o nombre geográfico como elemento de entrada Magia
Subdivisión de forma Cuentos juveniles
700 1# - ASIENTO SECUNDARIO -- NOMBRE PERSONAL
Nombre personal Bermejo, Amalia,
Títulos u otras palabras asociadas con el nombre traductor
700 1# - ASIENTO SECUNDARIO -- NOMBRE PERSONAL
Nombre personal Mais, Susanne,
Títulos u otras palabras asociadas con el nombre ilustraciones
910 ## - VALIDACIÓN
Validación VMateo V. Control de calidad. BPMSU
942 ## - ADDED ENTRY ELEMENTS (KOHA)
Source of classification or shelving scheme Dewey Decimal Classification
Koha item type Libros
Existencias
Withdrawn status Lost status Source of classification or shelving scheme Damaged status Not for loan Collection code Home library Current library Date acquired Source of acquisition Total Checkouts Full call number Barcode Date last seen Price effective from Koha item type
    Dewey Decimal Classification     Colección Juvenil General Biblioteca Pública Metropolitana Salomé Ureña Biblioteca Pública Metropolitana Salomé Ureña 11/11/2015 FUNDI   BPMSU CJG 833.91 K71y 2001 BPMSU15110184 11/11/2015 11/11/2015 Libros